Name every operating Intamin Roller Coaster in the USA - Statistics

General Stats
  • This quiz has been taken 19 times
  • The average score is 12 of 34
Answer Stats
Park Roller Coaster % Correct
Busch Gardens Williamsburg Pantheon
80%
Cedar Point Maverick
67%
Six Flags Darien Lake Ride of Steel
67%
Six Flags America Superman - Ride of Steel
67%
Six Flags New England Superman The Ride
67%
Universal Studios Islands of Adventure VelociCoaster
67%
Hersheypark Skyrush
53%
Hersheypark Stormrunner
53%
Kings Dominion Pantherian
47%
Knott's Berry Farm Xcelerator
47%
Busch Gardens Tampa Bay Cheetah Hunt
40%
Six Flags Great Adventure El Toro
40%
Universal Epic Universe Hiccup's Wing Gliders
40%
Disney California Adventure Park Incredicoaster
40%
Six Flags Great America American Eagle (Blue)
33%
Six Flags Great America American Eagle (Red)
33%
Six Flags Great America Flash: Vertical Velocity
33%
Six Flags Discovery Kingdom Flash: Vertical Velocity
33%
Nickelodeon Universe Theme Park Sandy's Blasting Bronco
33%
Universal Epic Universe Stardust Racers (Photon/Yellow/Left)
33%
Universal Epic Universe Stardust Racers (Pulsar/Green/Right)
33%
Nickelodeon Universe Avatar Airbender
20%
Busch Gardens Williamsburg DarKoaster
20%
Hersheypark Farenheit
20%
Universal Studios Islands of Adventure Hagrid's Magical Creatures Motorbike Adventure
20%
Elitch Gardens Half Pipe
20%
Valleyfair! Steel Venom
20%
Nickelodeon Universe Theme Park Timmy's Half-Pipe Havoc
20%
SeaWorld San Diego Arctic Rescue
13%
Cedar Point Milennium Force
13%
Six Flags Great Adventure Skull Mountain
13%
SeaWorld San Antonio Wave Breaker: The Rescue Coaster
13%
Cedar Point Wilderness Run
13%
Six Flags Over Georgia Georgia Gold Rusher
7%
No matching quizzes found
Score Distribution
Percent of People with Each Score
Percentile by Number Answered
Your Score History
You have not taken this quiz